| 000 | 00498nam a2200145 i 4500 | ||
|---|---|---|---|
| 001 | 182231 | ||
| 003 | ES-MaACL | ||
| 005 | 20230906221548.0 | ||
| 008 | 130722s1849 sp |||| | spa d | ||
| 245 | 0 | 0 | _aHistoria de la revolución alemana. 1848-1849. |
| 260 |
_aMadrid : _bEdición de la Biblioteca del Siglo, _c1849 ( _fImpr. de la Biblioteca del Siglo) |
||
| 300 |
_a243 p. ; _c16 cm. |
||
| 651 | 4 |
_aAlemania- _xHistoria- _y1848-1870. _9153061 |
|
| 852 |
_aES-MaACL _jT-1306-F-3 _z.- Donativo Bosch |
||
| 999 |
_c182231 _d182231 |
||